01346nam a2200265Ia 450000500170000000800410001702000180005804000180007604100080009408200250010210000360012724501730016325000120033626000520034830000280040065000570042865000650048565000720055070000300062270000300065294200340068299900190071695201730073595201720090820250115110540.0210716s2012 xx 000 0 und d a9788184248128 cAIMIT LIBRARY aeng a001.072368 21bMEHK aMehta, K M;Hou, Jingyu.9193444 aInternational conference on software engineering and mobile application modelling and development :bproceedings of ICSEMA 2012 /cEdited by K M Mehata and Jingyu Hou. a1st ed. aNew Delhi :bAllied Publishers Pvt Ltd ,c2012. axi,364p. ;bPBc25.2 cm aSoftware quality measurement for reusability9193445 aTSVHOA- traffic sensitive vertical handoff algorithm9193446 aAn ontological approach for effective knowledge engineering9193447 aMehata, K M., ed.9193448 aHou, Jingyu., ed.9193449 2ddccBKe1stk001.072368 MEHK c193468d193468 00102ddc40708MCAaAIMITbAIMITeKnowledge Worldg750.00iBill no:1616; Bill dt:2013-05-20l0o001.072368 MEHKpMCA12976r2025-07-21 00:00:00v562.50w2021-07-16yBK 00102ddc40708MCAaAIMITbAIMITeKnowledge Worldg750.00iBill no:174; Bill dt:2014-07-12l0o001.072368 MEHKpMCA13465r2025-07-21 00:00:00v562.50w2021-07-16yBK